000 00414nam a2200181Ia 4500
003 0STCL
008 150530s9999 xx 000 0 und d
040 _aSTCL
_cSTCL
100 _aBhaskaran, P.
245 _aPuzha Pinneyum Ozhukunnu
250 _a2
260 _bCurrent Book; Thrissur
_c1958
_aThrissur
300 _a0
546 _aMalayalam
942 _2ddc
_cBK
999 _c46510
_d46510
005 20220125170709.0